Central Library OPAC University of Rajshahi

ঈশ্বরচন্দ্র বিদ্যাসাগর ও ঊনিশ শতকের বাঙালি সমাজ / (Record no. 86073)

MARC details
000 -LEADER
fixed length control field 00993nam a2200241 a 4500
001 - CONTROL NUMBER
control field 86073
003 - CONTROL NUMBER IDENTIFIER
rucl marc code BD-RjUL
005 - DATE AND TIME OF LATEST TRANSACTION
control field 20260127111123.0
008 - FIXED-LENGTH DATA ELEMENTS--GENERAL INFORMATION
fixed length control field 260107s2016 bg ||||| |||| 00| 0 ben d
020 ## - INTERNATIONAL STANDARD BOOK NUMBER
International Standard Book Number 9789849148227 :
Terms of availability Tk. 250.00
035 ## - SYSTEM CONTROL NUMBER
System control number (BD-RjUL)
040 ## - CATALOGING SOURCE
Original cataloging agency BD-RjUL
Language of cataloging ben
Transcribing agency BD-RjUL
041 ## - LANGUAGE CODE
Language code of text/sound track or separate title ben
082 ## - DEWEY DECIMAL CLASSIFICATION NUMBER
Edition number 23
Classification number 891.4409
Author mark and year BDE 2026
100 ## - MAIN ENTRY--PERSONAL NAME
Personal name উমর, বদরুদ্দীন
245 ## - TITLE STATEMENT
Title ঈশ্বরচন্দ্র বিদ্যাসাগর ও ঊনিশ শতকের বাঙালি সমাজ /
Remainder of title বদরুদ্দীন উমর
260 ## - PUBLICATION, DISTRIBUTION, ETC. (IMPRINT)
Place of publication, distribution, etc. ঢাকা :
Name of publisher, distributor, etc. সুববর্ণ প্রকাশ,
Date of publication, distribution, etc. ২০১৬
300 ## - PHYSICAL DESCRIPTION
Illustrations ১২৮পৃ.;
Size of unit ২১সেমি
500 ## - GENERAL NOTE
General note তথ্যনির্দেশিকা সংযুক্ত
650 ## - SUBJECT ADDED ENTRY--TOPICAL TERM
Topical term or geographic name as entry element বাংলা সাহিত্য
General subdivision ইতিহাস ও সমালোচনা
Topical term or geographic name as entry element Bengali literature
Form subdivision History and criticism
942 ## - ADDED ENTRY ELEMENTS (KOHA)
Source of classification or shelving scheme Dewey Decimal Classification
Koha item type Books
Holdings
Lost status Source of classification or shelving scheme Damaged status Not for loan Collection code Permanent Location Current Location Shelving location Date acquired Source of acquisition Cost, normal purchase price Full call number Date last seen Copy number Koha item type Total Checkouts Date checked out Checked out
  Dewey Decimal Classification   Not For Loan Non-fiction Central Library, University of Rajshahi Central Library, University of Rajshahi Reading Room 18/12/2025 Bidyasagar, Rajshahi 250.00 B 891.4409 BDE 2016 07/01/2026 C-1 Books      
  Dewey Decimal Classification     Non-fiction Central Library, University of Rajshahi Central Library, University of Rajshahi General Stacks 18/12/2025 Bidyasagar, Rajshahi 188.00 B 891.4409 BDE 2016 05/05/2026 C-2 Books 1 27/04/2026  
  Dewey Decimal Classification     Non-fiction Central Library, University of Rajshahi Central Library, University of Rajshahi General Stacks 18/12/2025 Bidyasagar, Rajshahi 188.00 B 891.4409 BDE 2016 25/03/2026 C-3 Books 1 25/03/2026 08/06/2026